| 000 | 00357nam a22001577a 4500 | ||
|---|---|---|---|
| 003 | SGT | ||
| 020 | _a9788185790084 | ||
| 082 |
_a615.19 _bP19K |
||
| 100 | _aKASTURE,A.V. | ||
| 245 | _aA TEXT BOOK OF PHARMACEUTICAL ANALYSIS | ||
| 250 | _a25TH | ||
| 260 |
_aPUNE _bNIRALI PRAKASHAN _c2019 |
||
| 300 | _a28.6 | ||
| 650 | _aPHARMA ANALYSIS | ||
| 942 |
_2ddc _cBK |
||
| 999 |
_c22962 _d22962 |
||